000 00519nam a2200181Ia 4500
005 20250508152658.0
008 008 250505s9999 xx 000 0 eng d
037 _aBooks to be hide in OPAC
040 _aFEDL
_beng
_cFEDL
041 _aeng
_2eng
084 _a400, HAR/O
_qFEDL
100 _aHarris Zellig S
_966927
245 0 _aStructural linguistics
260 _aChicago, USA
_bThe University of Chicago Press
_c1960
300 _axvi,384p
942 _cHB
_h400, HAR/O
999 _c1338011
_d1338011